Vor 200 Jahren starb Ferdinand von Schill in Stralsund - in Kolberg gründete er 1807 sein Freikorps und kämpfte im Vorfeld der Festung gegen die napoleonischen Truppen

Titel: Vor 200 Jahren starb Ferdinand von Schill in Stralsund - in Kolberg gründete er 1807 sein Freikorps und kämpfte im Vorfeld der Festung gegen die napoleonischen Truppen
Verfasser:
In: Vereinigung Ehemaliger Schüler des Dom- und Real-Gymnasiums zu Kolberg (Ostseebad), Pommern: Mitteilungen der Vereinigung Ehemaliger Schüler des Dom- und Real-Gymnasiums zu Kolberg, Ostseebad, Pommern, Heft 102 (2009), Seite 3004-3022, Abb.
alle Artikel anzeigen
Veröffentlicht: 2009
Format: Aufsatz
Sprache: Deutsch
Kein Bild verfügbar
X
alg: 39255120
001A    $01999:11-11-16 
001B    $01999:17-05-21 $t20:34:12.000 
001C    $06050:19-11-16 $t15:08:38.000 
001D    $01999:11-11-16 
001U    $0utf8 
001X    $00 
002@    $0Aox 
003@    $0392551209 
007A    $0392551209 $aHEB 
007T    $0Herdc0067810m 
010@    $ager 
011@    $a2009 
021A    $aVor 200 Jahren starb Ferdinand von Schill in Stralsund - in Kolberg gründete er 1807 sein Freikorps und kämpfte im Vorfeld der Festung gegen die napoleonischen Truppen 
028A    $aJancke $dPeter 
031A    $e102 $h3004-3022, Abb. $j2009 
039B    $aIn $8--Abvc--Vereinigung Ehemaliger Schüler des Dom- und Real-Gymnasiums zu Kolberg (Ostseebad), Pommern [Tb1]. Mitteilungen der Vereinigung Ehemaliger Schüler des Dom- und Real-Gymnasiums zu Kolberg, Ostseebad, Pommern. - Hamburg : [Verlag nicht ermittelbar], 1970-2020 $x200900000000102996 $9054887488 
045F    $a929.09438 $eDDC23BSB 
045F/01 $a929 
045F/03 $g438 
045F/03 $g43816 
045T    $a7,41 $a8,1 

lok: 39255120 78

exp: 39255120 78 1 #EPN
201B/01 $005-02-21 $t23:13:23.000 
201U/01 $0utf8 
203@/01 $078864923X 
208@/01 $a11-11-16 $be 
209A/01 $a/ $f000 $x00 
220C/01 $aTitelaufnehmer: kk 
220C/01 $aHerkunft: HI Marburg 
244Z/01 $2Trx $#Pomeranija $#Pommern $#Pomoransko $#Pomořansko $#Hinterpommern;Vorpommern;Mittelpommern $#Pomorze Środkowe;Pomorze Przednie $#Pomořansko;Západní Pomořany; Pomořany $8--Trx--Pomorze Zachodnie $x01 $9391303775 
244Z/01 $2Trx $#Poola $#Lenkija $#Polija $#Polen Land $#Poland $#Lengyelország $#Poľsko $#Polsko $8--Trx--Polska$gkraj $x02 $9391345966 
244Z/01 $#Kolberg $75057070-5 $8--Tg1--Kołobrzeg $x03 $9044717024 
244Z/01 $#Stralsund $#Hansestadt Stralsund $#Stadt Stralsund $#Straalsund $#Strahlsund $#Stralesundium $#Sundia $74057860-4 $8--Tg1--Stralsund $x04 $9085160881 
244Z/01 $aGeschichte 1776-1809 $x05 
244Z/01 $#Schill, Ferdinand Baptista von $#Schill, Ferdinand Baptist von $#Schill, Ferd. Bapt. von $#Schill, Friedrich von $#Schill, Ferdinand Bapt. von $#Schill, Ferdinand B. v. $711860760X $8--Tp1--Schill, Ferdinand$cvon$Z1776-1809 $x06 $908694858X 
244Z/01 $2Trx $#ohvitserid $#karininkai $#Officers $#katonatisztek $#oficerowie $#dôstojníci $#důstojníci $#Heerführer $#velitelia vojenskí $#velitelé vojenští $8--Trx--Offiziere $x07 $939136779X 
244Z/01 $2Trx $#kaitsejõud, Preisi $#Prūsijos ginkluotosios pajėgos $#Armed forces, Prussian $#fegyveres erök, porosz $#siły zbrojne, pruskie $#armáda pruská $#armáda pruská $8--Trx--Streitkräfte, preußische $x08 $9391381261 
244Z/01 $2Trx $#sõda, Napoleoni 1799-1815 $#Napoleono karai 1799-1815 $#Wars, Napoleonic 1799-1815 $#háborúk, napóleoni 1799-1815 $#wojny napoleońskie 1799-1815 $#vojny napoleonské 1799-1815 $#války napoleonské 1799-1815 $#Napoleonische Kriege 1799-1815 $8--Trx--Kriege, Napoleonische$g1799-1815 $x09 $9391362305 
244Z/01 $2Trx $8--Trx--Zeitschriftenaufsatz $x10 $9391384341 
245Z/01 $a12.03 $x01 
247C/01 $82080>Marburg/Lahn, Herder-Institut, Forschungsbibliothek, Bibliographieportal $9336309341
LEADER 00000caa a22000002c 4500
001 392551209
003 DE-603
005 20210517203412.0
007 tu
008 161111s2009 xx |||| | u00||u|ger c
035 |a (DE-599)HEB392551209 
040 |a DE-603  |b ger  |c DE-603  |d DE-603 
041 |a ger 
082 0 4 |8 1\u  |a 929.09438  |q DE-101  |2 23/BSB 
084 |a 7,41  |a 8,1  |2 ssgn 
085 |8 1\u  |b 929 
085 |8 1\u  |z 2  |s 438 
085 |8 1\u  |z 2  |s 43816 
100 1 |a Jancke, Peter 
245 0 0 |a Vor 200 Jahren starb Ferdinand von Schill in Stralsund - in Kolberg gründete er 1807 sein Freikorps und kämpfte im Vorfeld der Festung gegen die napoleonischen Truppen 
264 0 |c 2009 
773 0 8 |i In  |a Vereinigung Ehemaliger Schüler des Dom- und Real-Gymnasiums zu Kolberg (Ostseebad), Pommern  |t Mitteilungen der Vereinigung Ehemaliger Schüler des Dom- und Real-Gymnasiums zu Kolberg, Ostseebad, Pommern  |d Hamburg : [Verlag nicht ermittelbar], 1970-2020  |h 30 cm  |g Heft 102 (2009), Seite 3004-3022, Abb.  |w (DE-603)054887488  |w (DE-600)1361441-1 
924 0 |9 2080  |a (DE-603)78864923X  |b DE-2080  |c HES  |d d  |g /